00603nam a22002057a 450000500170000001000120001702000220002903500130005103700160006404000120008008200170009210000180010924500760012726000400020327000470024330000200029050000200031065000360033065000310036620170124105924.0 aB-81275 c00.00a8188237035 aA-948820 bCen Lib/Ret aDPLbEN a327.174bDAT aDatt, Savita  aChagai and beyond :c by Savita Dattbnuclear development in Pakistan / aNew DelhibI.K. Internationalc2003 bNew DelhiaGreen Park, Main Markete110020 a574p.c22cm(Hb) aIncludes index  aNuclear development zPakistan  aNuclear issues zPakistan